Statistiques concernant Devine le pays européen de la ville (version facile)

Cliquez ici pour prendre le quiz!

Statistiques générales

  • Ce quiz a été pris 84 fois
  • Le résultat moyen est 14 sur 15

Statistiques - réponses

VillePays% Correct
ParisFrance
99%
AthèneGrèce
99%
LisbonnePortugal
99%
CologneAllemagne
97%
NaplesItalie
97%
VienneAutriche
96%
DublinIrlande
96%
VarsoviePologne
95%
IstanbulTurquie
93%
ZurichSuisse
92%
BudapestHongrie
89%
PragueRepublique tchèque
86%
CardiffRoyaume-Uni
84%
La CorogneEspagne
78%
OdessaUkraine
59%

Distribution des résultats

Percentile par nombre de réponses

% des personnes avec chaque résultat

Votre développement - résultats

Vous n’avez pas pris ce quiz